[Event "79th Noteboom 2019"]
[Site "Leiden"]
[Date "2019.02.22"]
[Round "1.1"]
[White "Van den Dikkenberg, Erik"]
[Black "Van Wely, Loek"]
[Result "0-1"]
[WhiteElo "2116"]
[BlackElo "2622"]
[Annotator "TA"]
[PlyCount "58"]
[EventDate "2019.02.22"]
[EventType "swiss"]
[EventCountry "NED"]
[SourceTitle "playchess.com"]
[Source "ChessBase"]
[SourceQuality "1"]

{[%evp 13,58,-45,-35,-54,-9,-2,-9,-2,-14,-17,-22,-47,-15,-14,-13,-27,-23,-17,-11,-27,0,-87,-85,-88,-94,-307,-316,-316,-317,-328,-322,-337,-316,-383,-415,-393,-368,-408,-415,-419,-402,-476,-382,-7693,-7600,-5389,-5389]} 1. e4 c5 2. Nc3 e6 3. f4 Nc6 4. Nf3 d5 5. exd5 exd5 6. Bb5 Nf6 7. Qe2+ Be7 $1 8. Ne5 {B23: Closed Sicilian: Lines without g3} Qd6 (8... Bd7 {seems wilder.} 9. Bxc6 Bxc6 10. O-O O-O 11. d3 Re8) (8... Bd7 9. Bxc6 Bxc6 10. Nxc6 bxc6 11. O-O O-O 12. b3 Re8 13. Qf3 Bf8 14. d3 Rb8 15. Na4 Qe7 {½-½ (25) Vajic,G (2280)-Buljubasic,S (2291) Bosanska Krupa 2018}) 9. Bxc6+ bxc6 10. O-O {The position is equal.} O-O 11. d3 Nd7 $146 ({Predecessor:} 11... Re8 12. Qf2 Nd7 13. Bd2 Bf6 14. Rae1 Re7 15. Nf3 Nb6 {½-½ (41) Ostrowska,J (1541)-Rynkiewicz,N (1357) Szczyrk 2013}) 12. Bd2 Bf6 {[%cal Rd7e5]} 13. Rae1 Ba6 14. Nf3 c4 {With the idea ...cxd3.} 15. d4 Rab8 $36 {[%mdl 2048] Black has the initiative.} 16. Bc1 c5 17. dxc5 (17. Qf2 $11) 17... Nxc5 $17 18. Ne5 d4 19. Ne4 $2 (19. Rd1 $17) 19... Nxe4 $19 20. Qxe4 c3 {[%mdl 64] [#] Discovered Attack} 21. bxc3 Bxf1 ({Not} 21... dxc3 22. Rd1 $15) 22. Kxf1 dxc3 23. Be3 Bxe5 24. fxe5 Qa6+ 25. Kg1 Qxa2 26. Bd4 Rfc8 27. Re3 Rb2 28. Rxc3 $2 (28. h3) 28... Qb1+ {[%mdl 64] [#] Double Attack} 29. Kf2 Rxc3 {Accuracy: White = 22%, Black = 68%.} 0-1

[Event "79th Noteboom 2019"]
[Site "Leiden"]
[Date "2019.02.22"]
[Round "1.2"]
[White "Nikolic, Predrag"]
[Black "Otten, Martijn"]
[Result "1-0"]
[WhiteElo "2573"]
[BlackElo "2081"]
[Annotator "TA"]
[PlyCount "55"]
[EventDate "2019.02.22"]
[EventType "swiss"]
[EventCountry "NED"]
[SourceTitle "playchess.com"]
[Source "ChessBase"]
[SourceQuality "1"]

{[%evp 24,55,12,20,43,33,52,34,35,36,39,25,29,15,27,0,0,0,14,14,118,108,100,122,123,135,173,165,170,178,898,891,883,883]} 1. d4 d5 2. c4 c6 3. Nc3 Nf6 4. Nf3 dxc4 5. e3 b5 6. a4 b4 7. Nb1 Ba6 8. Be2 c5 9. O-O e6 10. Nbd2 {D15: Slav Defence: 4 Nc3 a6 and gambit lines after 4 Nc3 dxc4} c3 11. bxc3 bxc3 12. Nb1 Qa5 13. Ba3 {[#] LiveBook: 7 Games} Bxe2 $146 ({Predecessor:} 13... Be7 14. Bb5+ Nbd7 15. Qd3 Bxb5 16. axb5 {½-½ (23) Mastrovasilis,A (2541)-Svetushkin,D (2608) Kavala 2013}) 14. Qxe2 Nbd7 15. Rc1 cxd4 16. Bxf8 Kxf8 17. Nxd4 g6 18. Nxc3 {[%cal Bb1c3,Bc3b5,Bb5d6][%mdl 32]} Kg7 19. Ncb5 Rhc8 20. Nc6 Qa6 21. Qf3 Nb6 (21... e5 $11) 22. Nd6 $36 {[%mdl 2048] White is on the roll.} Rc7 {Strongly threatening ...Nbd5.} 23. Ne5 {[%cal Bc6e5,Be5f7,Bf7g5,Bg5e6][%mdl 32]} Qxa4 {[#]} 24. Nexf7 $1 {And now Ng5 would win.} Rf8 {[#]} 25. Ng5 $1 Rxc1+ 26. Rxc1 Qd7 $2 {[#]} (26... Qa2 27. Qh3 Kg8) 27. Rc7 $1 $18 {[%mdl 512]} Qxc7 28. Nxe6+ {Precision: White = 72%, Black = 49%.} 1-0

[Event "79th Noteboom 2019"]
[Site "Leiden"]
[Date "2019.02.22"]
[Round "1.3"]
[White "Straver, Robert"]
[Black "Schoppen, Casper"]
[Result "0-1"]
[WhiteElo "2128"]
[BlackElo "2463"]
[Annotator "ChessBase"]
[PlyCount "68"]
[EventDate "2019.02.22"]
[EventType "swiss"]
[EventCountry "NED"]
[SourceTitle "playchess.com"]
[Source "ChessBase"]
[SourceQuality "1"]
[TimeControl "6600+10"]

1. d4 {[%emt 0:09:53]} Nf6 {[%emt 0:10:08]} 2. Nf3 {[%emt 0:00:09]} c5 {[%emt 0:01:19]} 3. d5 {[%emt 0:00:34]} e6 {[%emt 0:00:08]} 4. c4 {[%emt 0:00:46]} d6 {[%emt 0:00:38]} 5. Nc3 {[%emt 0:00:13]} g6 {[%emt 0:00:06]} 6. e4 {[%emt 0:02:09]} Bg7 {[%emt 0:00:07]} 7. Bd3 {[%emt 0:00:54]} O-O {[%emt 0:00:23]} 8. O-O {[%emt 0:00:41]} exd5 {[%emt 0:00:04]} 9. exd5 {[%emt 0:02:30]} Bg4 {[%emt 0:00:39]} 10. h3 {[%emt 0:05:22]} Bxf3 {[%emt 0:00:15]} 11. Qxf3 {[%emt 0:00:06]} Nfd7 {[%emt 0:00:05]} 12. Qd1 {[%emt 0:01:40]} Bxc3 {[%emt 0:00:53]} 13. bxc3 {[%emt 0:00:09]} Ne5 {[%emt 0:00:10]} 14. Re1 {[%emt 0:03:58]} Nbd7 {[%emt 0:03:03]} 15. Bf1 {[%emt 0:05:59]} f5 {[%emt 0:00:57]} 16. f4 {[%emt 0:01:04]} Nf7 {[%emt 0:00:05]} 17. Rb1 {[%emt 0:01:52]} b6 {[%emt 0:01:17]} 18. Rb2 {[%emt 0:04:50]} Nf6 {[%emt 0:12:15]} 19. Bd3 {[%emt 0:03:26]} Qd7 {[%emt 0:02:44]} 20. Rbe2 {[%emt 0:14:34]} Rae8 {[%emt 0:02:56]} 21. Bd2 {[%emt 0:06:29]} Rxe2 {[%emt 0:01:26]} 22. Rxe2 {[%emt 0:00:06]} Re8 {[%emt 0:00:08]} 23. Qe1 {[%emt 0:01:29]} Rxe2 {[%emt 0:00:49]} 24. Qxe2 {[%emt 0:00:10]} a6 {[%emt 0:06:33]} 25. Be1 {[%emt 0:01:28]} Nh5 {[%emt 0:02:20]} 26. Bd2 {[%emt 0:05:37]} Qa4 {[%emt 0:04:14]} 27. g4 {[%emt 0:02:12]} Ng3 {[%emt 0:03:28]} 28. Qe1 {[%emt 0:01:13]} Qxa2 {[%emt 0:01:51]} 29. gxf5 {[%emt 0:00:58]} Nxf5 {[%emt 0:00:38]} 30. Bxf5 {[%emt 0:06:07]} gxf5 {[%emt 0:02:15]} 31. Qg3+ {[%emt 0:00:27]} Kf8 {[%emt 0:00:34]} 32. Qd3 {[%emt 0:00:10]} Qa1+ {[%emt 0:00:30]} 33. Kg2 {[%emt 0:00:42]} Qd1 {[%emt 0:00:17]} 34. Qe3 {[%emt 0:01:29]} a5 {[%emt 0:02:03]} 0-1

[Event "79th Noteboom 2019"]
[Site "Leiden"]
[Date "2019.02.22"]
[Round "1.4"]
[White "Lahaye, Rick"]
[Black "Berresheim, Helmut"]
[Result "1-0"]
[WhiteElo "2411"]
[BlackElo "2096"]
[Annotator "NA"]
[PlyCount "79"]
[EventDate "2019.02.22"]
[EventType "swiss"]
[EventCountry "NED"]
[SourceTitle "playchess.com"]
[Source "ChessBase"]
[SourceQuality "1"]
[TimeControl "6600+10"]

1. Nf3 {[%emt 0:10:08]} d5 {[%emt 0:10:03]} 2. c4 {[%emt 0:00:07]} c6 {[%emt 0:00:11]} 3. b3 {[%emt 0:00:22]} Bg4 {[%emt 0:01:24]} 4. Ne5 {[%emt 0:01:09]} Bf5 {[%emt 0:02:44]} 5. Bb2 {[%emt 0:00:28]} f6 {[%emt 0:05:09]} 6. Nf3 {[%emt 0:05:57] A12: English Opening: 1...c6 with b3 by White} e5 {[%emt 0:00:23]} 7. e3 {[%emt 0:00:11]} Bd6 {[%emt 0:03:13]} 8. Nc3 {[%emt 0:01:47]} Ne7 {[%emt 0:01:13]} 9. d3 {[%emt 0:00:46]} O-O {[%emt 0:03:30]} 10. Be2 {[%emt 0:03:38]} a5 $146 {[%emt 0:05:12]} ({Predecessor:} 10... Be6 11. O-O a6 12. Re1 {0-1 (62) Lie,E (2471)-Volkov,S (2593) Fagernes 2013}) 11. O-O {[%emt 0:04:34]} Na6 {[%emt 0:00:29]} 12. e4 {[%emt 0:08:35]} Be6 {[%emt 0:08:22]} 13. cxd5 {[%emt 0:05:06]} cxd5 {[%emt 0:00:07]} 14. d4 {[%emt 0:00:10]} exd4 {[%emt 0:08:06]} 15. Nxd4 {[%emt 0:01:45]} Bf7 {[%emt 0:00:09]} 16. exd5 {[%emt 0:04:24]} Nxd5 {[%emt 0:04:41]} 17. Nxd5 {[%emt 0:00:43]} Bxd5 {[%emt 0:00:12]} 18. Nf5 {[%emt 0:00:05]} Nc7 {[%emt 0:12:27]} 19. Rc1 {[%emt 0:03:54]} Kh8 {[%emt 0:10:27]} 20. Bf3 {[%emt 0:16:55]} Be5 {[%emt 0:11:46]} 21. Ba3 {[%emt 0:03:38]} Re8 {[%emt 0:02:11]} 22. Re1 {[%emt 0:07:13]} Bxf3 {[%emt 0:03:24]} 23. Qxf3 {[%emt 0:00:16]} ({Much weaker is} 23. gxf3 Nb5 $15) 23... Qd5 {[%emt 0:00:13] [#]} 24. Qg4 $1 {[%emt 0:02:33]} g6 {[%emt 0:01:18]} 25. Ne3 {[%emt 0:01:01]} Qe6 {[%emt 0:01:53]} 26. Qf3 {[%emt 0:00:38]} Nb5 {[%emt 0:00:28]} 27. Bc5 {[%emt 0:01:30]} b6 {[%emt 0:01:10]} 28. a4 {[%emt 0:00:38]} bxc5 {[%emt 0:02:09]} 29. axb5 {[%emt 0:00:06]} Qxb3 {[%emt 0:00:05]} 30. Rxc5 {[%emt 0:00:10]} Bd4 {[%emt 0:04:00]} 31. Rc7 {[%emt 0:02:36]} f5 {[%emt 0:04:19]} 32. Rd1 $15 {[%emt 0:04:19]} (32. Qc6 $14 Qe6 33. Rd7) 32... Bxe3 {[%emt 0:04:22]} 33. fxe3 {[%emt 0:00:12]} Qxe3+ {[%emt 0:00:00]} 34. Qxe3 {[%emt 0:00:09]} Rxe3 {[%emt 0:00:00]} 35. b6 {[%emt 0:00:17]} Ree8 {[%emt 0:00:00]} 36. b7 {[%emt 0:01:17]} Rab8 {[%emt 0:00:00]} 37. Ra1 {[%emt 0:01:29]} Re5 {[%emt 0:00:00]} 38. Rc8+ {[%emt 0:00:44]} Re8 {[%emt 0:00:00]} 39. Rxe8+ {[%emt 0:00:12]} Rxe8 {[%emt 0:00:00]} 40. Rxa5 {[%emt 0:00:09]} 1-0

[Event "79th Noteboom 2019"]
[Site "Leiden"]
[Date "2019.02.23"]
[Round "2.1"]
[White "Van Wely, Loek"]
[Black "Klapwijk, Bram"]
[Result "1-0"]
[WhiteElo "2622"]
[BlackElo "2183"]
[Annotator "TA"]
[PlyCount "59"]
[EventDate "2019.02.22"]
[EventType "swiss"]
[EventCountry "NED"]
[SourceTitle "playchess.com"]
[Source "ChessBase"]
[SourceQuality "1"]

{[%evp 22,59,4,-25,72,83,110,123,195,195,192,191,203,187,186,183,214,161,201,237,203,202,216,196,472,439,433,450,542,560,549,548,1173,1169,1099,1169,1130,1118,1101,1092]} 1. c4 e5 2. Nc3 Nf6 3. Nf3 Nc6 4. g3 d5 5. cxd5 Nxd5 6. Bg2 Nb6 7. a3 Be6 8. d3 Be7 9. O-O O-O 10. b4 {[%cal Bb2b4,Bb4b5][%mdl 32]} f5 11. Be3 Bf6 {A29: English Opening: Four Knights Variation with 4 g3} 12. Rc1 {LiveBook: 24 Games} g5 (12... Nd4 $11 {remains equal.}) (12... Nd4 13. Nd2 c6 14. Bxd4 {½-½ (14) Iturrizaga Bonelli,E (2609)-Ragger,M (2628) Khanty-Mansiysk 2010}) 13. Nd2 $16 f4 $146 {White is better.} ({Predecessor:} 13... Qe8 14. Nb3 f4 15. Bd2 Be7 16. Ne4 Bd5 17. Nbc5 Nd4 18. a4 Qh5 19. f3 {0-1 (33) Bastos,W (2071)-Abarca Gonzalez,N (2328) Praia da Pipa 2014}) 14. Bc5 Rf7 {[#]} (14... Be7 $16) 15. b5 $1 $18 {[%cal Rb5c6]} Ne7 16. Bxb7 Rb8 17. Bg2 $36 {[%mdl 2048] White is really pushing.} g4 18. a4 {[%cal Ba3a4,Ba4a5][%mdl 32]} Nf5 19. Nce4 h5 20. a5 Nc8 21. Nxf6+ Qxf6 22. Qa4 fxg3 $2 (22... Qh6 23. Nc4 Qf6) 23. fxg3 {White is clearly winning.} Qh6 24. Nc4 Nd4 25. Bxd4 exd4 {[#]} 26. b6 $1 {[%mdl 512]} cxb6 (26... axb6 27. Qe8+) 27. Qe8+ Kg7 28. Rxf7+ Bxf7 29. Qe5+ Kg8 30. Rf1 {Precision: White = 88%, Black = 21%.} 1-0

[Event "79th Noteboom 2019"]
[Site "Leiden"]
[Date "2019.02.23"]
[Round "2.2"]
[White "Damen, Jip"]
[Black "Nikolic, Predrag"]
[Result "0-1"]
[WhiteElo "2170"]
[BlackElo "2573"]
[Annotator "TA"]
[PlyCount "56"]
[EventDate "2019.02.22"]
[EventType "swiss"]
[EventCountry "NED"]
[SourceTitle "playchess.com"]
[Source "ChessBase"]
[SourceQuality "1"]

{[%evp 9,56,49,37,1,85,25,134,-12,-12,-10,-15,-86,-82,-144,-160,-150,-156,-116,-64,-56,-36,-51,0,-57,-56,-51,-55,-102,-96,-98,-97,-209,-212,-264,-265,-263,-255,-266,-275,-334,-327,-356,-354,-623,-623,-610,-615,-568,-615]} 1. e4 e5 2. Nc3 Nf6 3. f4 d6 4. Nf3 exf4 5. d4 Nh5 6. Bc4 {C34: King's Gambit Accepted: 3 Nf3: 3...Nf6 and 3...d6} (6. Be2 g6 7. O-O Bg4 8. Nd5 Bh6 9. Ne1 Bxe2 10. Qxe2 O-O 11. Nd3 Nd7 12. N3xf4 Nxf4 13. Bxf4 Bg7 14. c3 Nb6 15. Nxb6 {½-½ (15) Palac,M (2571)-Pelletier,Y (2559) Le Port Marly 2009}) 6... Be6 (6... g6 $11) 7. Qe2 (7. Bxe6 $16 fxe6 8. g4) 7... c6 $146 {[#]} (7... Bxc4 $11 {keeps the balance.} 8. Qxc4 c6) ({Predecessor:} 7... Nd7 8. Bd2 g5 9. Bxe6 fxe6 10. Ne5 Nxe5 11. dxe5 Ng7 12. O-O-O a6 13. exd6 cxd6 {0-1 (39) Brookfield,T-Iz Aldeen,K (1979) Turin 2006}) 8. O-O (8. Bxe6 $1 $16 fxe6 9. g4) 8... Bxc4 $1 $11 9. Qxc4 Be7 10. g4 (10. Ne1 $11 {remains equal.}) 10... fxg3 $17 11. Ng5 {[#]} ({Better is} 11. Ne5 Rf8 12. Nxf7) 11... gxh2+ $1 12. Kxh2 d5 $1 {[%cal Rd5c4]} 13. Qe2 Qd6+ ({Resist} 13... Bxg5 14. exd5+ Be7 15. Qxh5 $15) ({Black should try} 13... Qc7+ $17 14. e5 Bxg5 15. Bxg5 g6) 14. e5 $15 Qg6 15. Rg1 $1 Na6 (15... h6 $15 16. Nge4 Qf5 17. Nd6+ Bxd6 18. exd6+ Kf8) 16. Nge4 ({White should play} 16. Nh3 $11 Qf5 17. Rf1) 16... Qe6 17. Qxh5 {And now Ng5 would win.} g6 $1 $36 {[%cal Rg6h5][%mdl 2048] Black has some pressure.} 18. Ng5 gxh5 19. Nxe6 fxe6 20. Rg7 (20. a3 $17) 20... Nb4 $19 21. Ne2 Nxc2 22. Rb1 Rf8 23. Bf4 Kd7 24. Rd1 Rf5 25. Rxh7 Raf8 26. Rg1 $2 (26. Bh6 R8f7 27. Rxf7 Rxf7 28. Bf4) 26... Rxf4 {Black is clearly winning.} 27. Nxf4 Rxf4 28. Rgg7 Rh4+ {Accuracy: White = 12%, Black = 56%.} 0-1

[Event "79th Noteboom 2019"]
[Site "Leiden"]
[Date "2019.02.23"]
[Round "2.3"]
[White "Schoppen, Casper"]
[Black "Velden, Bram van der"]
[Result "1-0"]
[WhiteElo "2463"]
[BlackElo "2188"]
[Annotator "TA"]
[PlyCount "73"]
[EventDate "2019.02.22"]
[EventType "swiss"]
[EventCountry "NED"]
[SourceTitle "playchess.com"]
[Source "ChessBase"]
[SourceQuality "1"]

{[%evp 22,73,54,27,77,72,70,86,148,105,107,58,113,108,147,96,154,125,176,170,165,168,211,164,160,159,183,155,160,162,206,204,200,189,169,178,249,261,300,301,278,240,367,366,328,364,985,969,29989,29990,29990,29991,29991,29992]} 1. c4 Nf6 2. Nc3 g6 3. e4 d6 4. d4 Bg7 5. h3 O-O 6. Be3 e5 7. d5 a5 8. g4 Na6 9. Nf3 Nc5 10. Nd2 Bd7 11. Be2 Ne8 12. Qc2 f5 {E90: King's Indian: Classical: Early deviations and 6 h3} (12... a4 13. a3 f5 14. gxf5 gxf5 15. O-O-O b6 16. Rhg1 Kh8 17. Kb1 fxe4 18. Bg4 Nf6 19. Bxc5 bxc5 20. Ndxe4 Nxe4 21. Nxe4 {1-0 (50) Goryachkina,A (2397)-Fominykh,M (2279) Khanty-Mansiysk 2012}) 13. exf5 $146 ({Predecessor:} 13. gxf5 gxf5 14. Bxc5 dxc5 15. exf5 Bxf5 16. Bd3 Nd6 17. Bxf5 Nxf5 18. Rg1 Nd4 19. Qd3 Qh4 20. Nce4 {1-0 (44) Fontaine,Q (2238)-Scoriels,M (2073) Charleroi 2016}) 13... gxf5 14. O-O-O b6 (14... Na6 $142) 15. Rhg1 Kh8 16. Kb1 a4 (16... Na6 $14) 17. a3 $16 Qh4 18. Ka2 (18. Rdf1 $142) 18... e4 (18... Nb3 $142) 19. f3 f4 (19... exf3 $16 20. Nxf3 (20. Bxf3 f4 $11) 20... Qe7) 20. Bxc5 $1 $18 bxc5 21. fxe4 ({Don't play} 21. Qxe4 $6 Bd4 $14) ({But not} 21. Ndxe4 $6 Nf6 $14) 21... Rb8 22. Nf3 Qe7 23. Bd3 Rb3 24. Rge1 Be5 25. Nxe5 Qxe5 26. Qc1 Nf6 27. Bc2 Rxc3 28. bxc3 Qxc3 (28... Kg7 $142 29. Rd3 h5) 29. Qb2 Qxc4+ 30. Ka1 {[#] And now g5 would win.} Kg8 {If only Black now had time for ...f3....} 31. e5 dxe5 (31... Nxd5 {might work better.} 32. Bb1 Qc3) 32. Rxe5 f3 33. g5 f2 $2 {[#]} (33... Ne8 34. Re7 Rf7 35. Rxf7 Kxf7) 34. gxf6 f1=Q 35. Rg5+ {White mates.} Kh8 36. f7+ $1 Qd4 37. Qxd4+ {Accuracy: White = 87%, Black = 37%.} 1-0

[Event "79th Noteboom 2019"]
[Site "Leiden"]
[Date "2019.02.23"]
[Round "2.4"]
[White "Hilwerda, Jonas"]
[Black "Lahaye, Rick"]
[Result "0-1"]
[WhiteElo "2276"]
[BlackElo "2411"]
[Annotator "TA"]
[PlyCount "76"]
[EventDate "2019.02.22"]
[EventType "swiss"]
[EventCountry "NED"]
[SourceTitle "playchess.com"]
[Source "ChessBase"]
[SourceQuality "1"]

{[%evp 9,76,69,77,74,76,67,118,61,72,57,54,62,126,88,162,158,202,193,185,110,119,115,126,89,106,87,95,81,87,87,82,72,144,68,69,50,91,97,94,46,76,64,78,86,156,28,24,40,27,0,-16,-246,-242,-262,-280,-275,-247,-251,-266,-578,-578,-550,-418,-4627,-3542,-5102,-5089,-5065,-2177]} 1. e4 e5 2. Nf3 Qe7 3. Nc3 c6 4. Bc4 b5 (4... d6 5. d4 Bg4 6. Bg5 Nf6 7. dxe5 dxe5 8. h3 Bh5 9. g4 Bg6 10. Qe2 Nbd7 11. O-O-O h6 12. Bh4 Qc5 13. Nd2 {1-0 (42) Cubas,J (2463)-Rodriguez Vila,A (2508) Santos 2010}) 5. Bb3 a5 {Strongly threatening ...a4.} 6. a3 $146 {C40: Latvian and Elephant Gambits} ({Predecessor:} 6. a4 b4 7. Ne2 Nf6 8. d3 Na6 9. Be3 Nc7 10. Ng3 g6 11. Qd2 Ng4 12. h3 Nxe3 13. fxe3 {0-1 (58) Narvaez Talavera,J-Alarcon,P (1837) Managua 2016}) 6... d6 7. d4 Ba6 ({Black should play} 7... h6 $14) 8. dxe5 (8. Ng5 $16 Nh6 9. Be3) 8... dxe5 $14 9. Ng5 Nh6 10. Be3 Bc8 (10... Nd7 $14) 11. Qe2 Bg4 {[#]} (11... Nd7 $16 {keeps fighting.}) 12. Bxf7+ $1 $18 {[%mdl 512]} Qxf7 (12... Nxf7 13. Qxg4) 13. Nxf7 Bxe2 14. Nxh6 (14. Nxh8 $18 Bc4 15. f3) 14... Bc4 $16 15. Nf5 g6 16. Ng3 Na6 17. b3 Be6 18. O-O h5 19. Nge2 Nc5 20. f4 a4 ({Black should try} 20... exf4 21. Rxf4 (21. Nxf4 Bf7 $16) 21... Nd7) 21. b4 (21. fxe5 $16 Nd7 22. bxa4) 21... Nd7 $14 22. f5 gxf5 23. exf5 Bc4 24. Rfe1 {Black must now prevent Nd4!} Nf6 25. Bg5 Kf7 $1 26. Ng3 Nd5 {[#]} (26... Rd8 $142) 27. Nxd5 (27. Nce4 $1 $16) 27... cxd5 $11 28. Rxe5 {aiming for Re6.} h4 29. Nf1 {Nd2 is the strong threat.} Rh5 30. Bd2 $2 (30. Bf4 $11 {and White is okay.}) 30... Bg7 $19 31. Rae1 Bxe5 32. Rxe5 {[#]} Bxf1 $1 33. Kxf1 Kf6 {[%mdl 64] Double Attack} 34. Rxd5 $2 (34. Re6+ Kxf5 35. Re7) 34... Rxf5+ 35. Rxf5+ Kxf5 {KR-KB} 36. Be3 (36. Ke2 $142 Ke4 37. g4) 36... Rc8 {Black is clearly winning.} 37. Bc5 {[#]} Rxc5 $1 {[%mdl 512]} 38. bxc5 {[#]} b4 $1 {[%mdl 512] Accuracy: White = 26%, Black = 45%.} 0-1

[Event "79th Noteboom 2019"]
[Site "Leiden"]
[Date "2019.02.23"]
[Round "3.1"]
[White "Bekker, Stefan"]
[Black "Van Wely, Loek"]
[Result "0-1"]
[WhiteElo "2257"]
[BlackElo "2622"]
[Annotator "RC"]
[PlyCount "66"]
[EventDate "2019.02.22"]
[EventType "swiss"]
[EventCountry "NED"]
[SourceTitle "playchess.com"]
[Source "ChessBase"]
[SourceQuality "1"]
[TimeControl "6600+10"]

1. Nf3 {[%emt 0:11:43]} Nf6 {[%emt 0:13:57]} 2. g3 {[%emt 0:00:12]} d5 {[%emt 0:00:51]} 3. Bg2 {[%emt 0:00:58]} c6 {[%emt 0:01:01]} 4. O-O {[%emt 0:01:14]} h6 {[%emt 0:07:15]} 5. d3 {[%emt 0:01:04]} Bf5 {[%emt 0:01:18]} 6. Nbd2 {[%emt 0:00:11]} e6 {[%emt 0:00:15]} 7. b3 {[%emt 0:00:06]} Be7 {[%emt 0:00:51]} 8. Bb2 {[%emt 0:00:27]} O-O {[%emt 0:00:16]} 9. Ne5 {[%emt 0:01:31]} a5 {[%emt 0:00:45]} 10. a3 {[%emt 0:00:50]} Bh7 {[%emt 0:01:51]} 11. e4 {[%emt 0:02:56]} Nbd7 {[%emt 0:04:20]} 12. Nxd7 {[%emt 0:05:03]} Nxd7 {[%emt 0:00:10]} 13. Qe2 {[%emt 0:00:09]} Rc8 {[%emt 0:03:25]} 14. Kh1 {[%emt 0:05:08]} a4 {[%emt 0:13:05]} 15. b4 {[%emt 0:02:17]} b5 {[%emt 0:00:19]} 16. c4 {[%emt 0:01:43]} c5 {[%emt 0:11:35]} 17. d4 {[%emt 0:21:12]} cxb4 {[%emt 0:05:21]} 18. c5 {[%emt 0:01:26]} bxa3 {[%emt 0:00:33]} 19. Bxa3 {[%emt 0:01:29]} dxe4 {[%emt 0:01:00]} 20. Nxe4 {[%emt 0:03:06]} Bxe4 {[%emt 0:03:33]} 21. Bxe4 {[%emt 0:03:54]} Nf6 {[%emt 0:11:41]} 22. Bb7 {[%emt 0:00:32]} b4 {[%emt 0:02:07]} 23. Bxc8 {[%emt 0:16:34]} Qxc8 {[%emt 0:00:10]} 24. Bc1 {[%emt 0:00:37]} Qc6+ {[%emt 0:07:18]} 25. Kg1 {[%emt 0:00:34]} Rb8 {[%emt 0:04:56]} 26. Qc4 {[%emt 0:00:58]} Nd5 {[%emt 0:01:09]} 27. Bd2 {[%emt 0:00:41]} Bg5 {[%emt 0:00:13]} 28. f4 {[%emt 0:09:29]} Bf6 {[%emt 0:00:10]} 29. Rfb1 {[%emt 0:00:41]} Rd8 {[%emt 0:00:36]} 30. Qd3 {[%emt 0:09:31]} b3 {[%emt 0:02:57]} 31. Rd1 {[%emt 0:03:32]} Ne7 {[%emt 0:01:50]} 32. Bc3 {[%emt 0:00:39]} Nf5 {[%emt 0:00:46]} 33. Qc4 {[%emt 0:00:52]} Ne3 {[%emt 0:00:46]} 0-1

[Event "79th Noteboom 2019"]
[Site "Leiden"]
[Date "2019.02.23"]
[Round "3.2"]
[White "Nikolic, Predrag"]
[Black "Van Dijk, Harold"]
[Result "1-0"]
[WhiteElo "2573"]
[BlackElo "2238"]
[Annotator "ChessBase"]
[PlyCount "61"]
[EventDate "2019.02.22"]
[EventType "swiss"]
[EventCountry "NED"]
[SourceTitle "playchess.com"]
[Source "ChessBase"]
[SourceQuality "1"]
[TimeControl "6600+10"]

1. Nf3 {[%emt 0:13:38]} Nf6 {[%emt 0:10:11]} 2. g3 {[%emt 0:00:07]} g6 {[%emt 0:00:12]} 3. Bg2 {[%emt 0:00:05]} Bg7 {[%emt 0:00:11]} 4. O-O {[%emt 0:00:06]} O-O {[%emt 0:00:10]} 5. d4 {[%emt 0:00:10]} c5 {[%emt 0:00:26]} 6. d5 {[%emt 0:00:31]} d6 {[%emt 0:00:52]} 7. c4 {[%emt 0:00:19]} b5 {[%emt 0:00:26]} 8. cxb5 {[%emt 0:00:18]} a6 {[%emt 0:00:19]} 9. bxa6 {[%emt 0:00:07]} Nxa6 {[%emt 0:00:17]} 10. Nc3 {[%emt 0:00:15]} Bf5 {[%emt 0:00:23]} 11. Ne1 {[%emt 0:01:45]} Rb8 {[%emt 0:05:39]} 12. Nc2 {[%emt 0:01:29]} Ng4 {[%emt 0:05:37]} 13. h3 {[%emt 0:06:05]} Ne5 {[%emt 0:00:22]} 14. Ne3 {[%emt 0:00:45]} Bc8 {[%emt 0:01:44]} 15. Rb1 {[%emt 0:06:19]} Nf3+ {[%emt 0:04:30]} 16. Bxf3 {[%emt 0:00:36]} Bxc3 {[%emt 0:00:04]} 17. h4 {[%emt 0:00:16]} Bd4 {[%emt 0:00:39]} 18. a3 {[%emt 0:03:16]} Bxe3 {[%emt 0:07:05]} 19. fxe3 {[%emt 0:02:53]} Rb7 {[%emt 0:04:33]} 20. Bd2 {[%emt 0:03:50]} Nb8 {[%emt 0:00:07]} 21. b4 {[%emt 0:01:12]} cxb4 {[%emt 0:00:06]} 22. axb4 {[%emt 0:04:31]} Qb6 {[%emt 0:00:09]} 23. Rc1 {[%emt 0:12:53]} Bd7 {[%emt 0:03:10]} 24. Qc2 {[%emt 0:02:42]} Bb5 {[%emt 0:12:21]} 25. Qe4 {[%emt 0:00:23]} Qd8 {[%emt 0:01:14]} 26. h5 {[%emt 0:02:54]} Kg7 {[%emt 0:00:45]} 27. Kg2 {[%emt 0:02:14]} g5 {[%emt 0:03:56]} 28. Qf5 {[%emt 0:04:51]} f6 {[%emt 0:00:05]} 29. h6+ {[%emt 0:00:36]} Kh8 {[%emt 0:01:55]} 30. Be4 {[%emt 0:00:08]} e6 {[%emt 0:00:32]} 31. dxe6 {[%emt 0:00:10]} 1-0